PLASTICKÉ DEFORMACE KOPULÍ PŘI DYNAMICKÉM ZATÍŽENÍ

Bibliographic Details
Main Author: Henrych, Josef (Author)
Format: Article
Language:Czech

MARC

LEADER 00000nab a2200000uu 4500
001 vtls010894609
003 SK-MaSNL
005 20260303142156.0
008 230222|1966 xo |||||||||||||||||cze|
015 |a SNBRB 
035 |a (urnnbn)urn:nbn:sk:snk:ar-006gxk 
035 |a (uuid)710f619e-1456-4825-b794-c9b059de1a24 
035 |a urn:nbn:sk:snk-ab8np9 
040 |a SNKBUCL  |b slo  |c SNKBUCL  |e AACR2 
041 0 |a cze 
044 |a xo  |c SK 
100 1 |a Henrych, Josef  |4 aut  |9 578408 
245 1 0 |a PLASTICKÉ DEFORMACE KOPULÍ PŘI DYNAMICKÉM ZATÍŽENÍ  |c Josef Henrych 
773 0 |t Stavebnícky časopis : mesačník pre teoretické problémy stavebných látok a konštrukcií  |g Roč. 14, č. 5 (1966), s. 295-311 
958 |a OND 
958 |a EUIPO 
958 |a article10 
999 |c 1981106  |d 1983036